000 00757nam a2200301 a 4500
003 AR-BaBNM
005 20251128210028.0
008 082120s2002 ||||||||||||||000 | spa||
020 _a0-582-03180-X
040 _cAR-BaBNM
100 1 _aO'Neill, Robert
245 0 0 _aFourth dimension
_bcourse book. 1
250 _a2ª ed.
260 _aHarlow
_bLongman
_c1993
300 _a128 p.
_bil.
650 4 _aINGLES
650 4 _aLENGUAS GERMANICAS
650 4 _aENSEÑANZA DE IDIOMAS
650 4 _aACTIVIDADES DE APRENDIZAJE
650 4 _aGRAMATICA
650 4 _aENSEÑANZA DEL VOCABULARIO
650 4 _aVOCABULARIO
650 4 _aSINTAXIS
650 4 _aLIBROS DE TEXTO
700 1 _aMugglestone, Patricia
942 _cBK
998 _cMARTIN
999 _c13779
_d13779